000 00698nam a22002173a 4500
005 20230310063524.0
008 010621s1981 mx fr 000 0 spa d
035 _aUPN01000108810
049 _aCG
050 4 _aPQ7258
_bP63 1949
245 0 0 _aPoetas de una generación :
_b1940-1949 /
_cselec. y notas de Jorge González de León ; pról. Vicente Quirarte.
260 _aMéxico :
_bUNAM, Dirección General de Difusión Cultural,
_c1981.
300 _a167 p.
440 0 _aTextos de humanidades ;
_vno.25)
650 1 4 _aPoesía mexicana
_ySiglo XX
_91285
650 2 2 _aPoesía mexicana
_vColecciones
_91274
901 _a133552
902 _aMEEG/pgv
905 _aLibro
999 _c82721
_d82721